ბათუმის შოთა რუსთაველის სახელმწიფო უნივერსიტეტის ბიბლიოთეკა

Справочник конструктора-машиностроителя. (ბიბ.ჩანაწერი № 38681)

000 -LEADER
fixed length control field 00655nam a2200205Ia 4500
001 - CONTROL NUMBER
control field 4926
003 - CONTROL NUMBER IDENTIFIER
control field GE_BSU
008 - FIXED-LENGTH DATA ELEMENTS--GENERAL INFORMATION
fixed length control field 181216s||||||||xx |||||||||||||| ||und||
040 ## - CATALOGING SOURCE
Transcribing agency GE_BSU
080 ## - UNIVERSAL DECIMAL CLASSIFICATION NUMBER
Universal Decimal Classification number 621.001.2(035)
100 ## - MAIN ENTRY--PERSONAL NAME
Personal name Анурьев,В.И.
245 ## - TITLE STATEMENT
Title Справочник конструктора-машиностроителя.
250 ## - EDITION STATEMENT
Edition statement 3-е перераб. дополн.
260 ## - PUBLICATION, DISTRIBUTION, ETC.
Place of publication, distribution, etc. М.
260 ## - PUBLICATION, DISTRIBUTION, ETC.
Name of publisher, distributor, etc. Машиностроение.
260 ## - PUBLICATION, DISTRIBUTION, ETC.
Date of publication, distribution, etc. 1967.
300 ## - PHYSICAL DESCRIPTION
Extent 688стр.с илл.27см.библиогр.:47наим.
653 ## - INDEX TERM--UNCONTROLLED
Uncontrolled term Справочник конструктора-машиностроителя.
942 ## - ADDED ENTRY ELEMENTS (KOHA)
Koha item type წიგნი
ეგზემპლარები
Withdrawn status Lost status Damaged status Not for loan Date acquired Barcode Date last seen Price effective from Koha item type
        2018-12-17 11080 2018-12-17 2018-12-17 წიგნი